Logo CIB grande

DECISION ANALYSIS FOR PETROLEUM EXPLORATION (Registro nro. 199533)

Detalles MARC
000 -LEADER
campo de control de longitud fija 00432nam a2200181Ia 4500
005 - FECHA Y HORA DE LA ÚLTIMA TRANSACCIÓN
campo de control 20250425160942.0
008 - DATOS DE LONGITUD FIJA--INFORMACIÓN GENERAL
campo de control de longitud fija 250425s9999 xx 000 0 und d
041 ## - CÓDIGO DE IDIOMA
Código de lengua del texto/banda sonora o título independiente eng
082 ## - NÚMERO DE LA CLASIFICACIÓN DECIMAL DEWEY
Número de clasificación 338.23
010 ## - NÚMERO DE CONTROL DE LA BIBLIOTECA DEL CONGRESO
Número de control de LC 9157
100 ## - ENTRADA PRINCIPAL--NOMBRE DE PERSONA
Nombre de persona NEWENDORP, PAUL D.
245 #0 - MENCIÓN DEL TÍTULO
Título DECISION ANALYSIS FOR PETROLEUM EXPLORATION
250 ## - MENCION DE EDICION
Mención de edición S.E.
260 ## - PUBLICACIÓN, DISTRIBUCIÓN, ETC.
Lugar de publicación, distribución, etc. Estados Unidos
Nombre del editor, distribuidor, etc. PENNWELL BOOK
Fecha de publicación, distribución, etc. 1975
260 ## - PUBLICACIÓN, DISTRIBUCIÓN, ETC.
Lugar de publicación, distribución, etc. TULSA
300 ## - DESCRIPCIÓN FÍSICA
Extensión 668
942 ## - ELEMENTOS DE ENTRADA SECUNDARIOS (KOHA)
Tipo de ítem Koha Libros
Existencias
Estatus retirado Estado de pérdida Estado de daño No para préstamo Biblioteca de origen Biblioteca actual Ubicación en estantería Fecha de adquisición Coste, precio normal de compra Etiqueta RFID Total de préstamos Código de barras Copia número Tipo de ítem Koha
        CENTRO DE INFORMACIÓN BIBLIOTECARIA CENTRO DE INFORMACIÓN BIBLIOTECARIA   26/06/1998 0.01 0000000000000000004023   22383 2 Libros

Copyright 2025 ESPOL. Todos los derechos reservados.